000 00539nam a2200193Ia 4500
005 20250508162045.0
008 008 250505s9999 xx 000 0 eng d
037 _aTextual
040 _aFEDL
_beng
_cFEDL
041 _aeng
_2eng
084 _a370.19, BLY
_qFEDL
100 _aBlyth W.A.L.
_9291052
245 0 _aSocial significance of middle schools
260 _aLondon, UK
_bB T Batsford Ltd.
_c1977
300 _a246p.
650 _aEducation-Sociology
942 _cTEXL
_h370.19, BLY
999 _c1374108
_d1374108